| 000 | 00413cam a2200169ua 4500 | ||
|---|---|---|---|
| 020 | _c6.00 | ||
| 041 |
_amal _h |
||
| 082 |
_a320.58 G _bGAN/AR |
||
| 100 | _aGandhi, M.K . | ||
| 245 |
_aArthasasthram / _cM.K.Gandhi. _hTextual Documents |
||
| 260 |
_aTrivandrum : _bGandhi smarak Nidhi,Kerala sagha , _c1962. |
||
| 300 | _a477 ; . | ||
| 365 | _a6.00 | ||
| 504 | _a | ||
| 942 | _cBK | ||
| 999 |
_c1047 _d1047 |
||